00683nam a22001937a 450000500170000001000150001702000260003203500130005803700130007108200130008410000200009724500660011726000310018327000790021430000260029394200270031999900170034695201260036320140801124934.0 aENG-109965 a9789351431473c150.00 aEN-93498 bDBAD/PUB a346.5403 aRosedar, S.R.A. aLaw of torts and consumer protection act /cby S.R.A. Rosedar aGurgaonbLexis Nexisc2014 a14th Floor, Bldg No.10, Tower-B, DLF Cyber City, Phase-IIbGurgaone122002 aviii,139p.c22cm(pbk) 2ddccENmROSh346.5403 c84400d84400 001040718NFICaDBADbDBADd2014-05-21eDBAD/PUBg150.00l0o346.5403 ROSpEN-93498r2014-05-21 00:00:00t1v150.00yEN